000
00322nam a2200133 a 4500
005
20140414093847.0
008
110223s19uu xx uuu eng d
050
_a
CDR 600OR
_b
INV 1996
245
_a
Inventorlabs.
260
_a
USA :
_b
Houghton Mifflin,
_c
1996.
650
_a
Inventors
942
_c
AVM
999
_c
109699
_d
109699